[Event "ESP-chT CECLUB Div2"]
[Site "Linares"]
[Date "2020.08.24"]
[Round "1.3"]
[White "Yashas, Devappa"]
[Black "Garcia Fajardo, Gonzalo"]
[Result "1-0"]
[WhiteElo "2280"]
[BlackElo "1728"]
[PlyCount "69"]
[EventDate "2020.08.24"]
[EventType "team-tourn"]
[EventRounds "6"]
[EventCountry "ESP"]
[SourceTitle "CBM 198 Extra"]
[Source "ChessBase"]
[SourceDate "2020.11.30"]
[SourceVersion "1"]
[SourceVersionDate "2020.11.30"]
[SourceQuality "1"]
[WhiteTeam "Villalba 64 Miscasa"]
[BlackTeam "Camp de Morvedre"]
[WhiteTeamCountry "ESP"]
[BlackTeamCountry "ESP"]

1. Nf3 Nf6 2. b3 e6 3. Bb2 Be7 4. Rg1 d5 5. g4 Rg8 6. d3 b6 7. g5 Nfd7 8. Nbd2 Bb7 9. e3 Nc5 10. d4 Ne4 11. Nxe4 dxe4 12. Ne5 Bb4+ 13. c3 Bd6 14. Qh5 Bxe5 15. dxe5 Qe7 16. Qxh7 Qf8 17. Qh4 Rh8 18. Qf4 Nd7 19. 0-0-0 0-0-0 20. b4 Kb8 21. Bg2 Qe7 22. Rd2 f5 23. exf6 gxf6 24. gxf6 Qxf6 25. Qxf6 Nxf6 26. Rxd8+ Rxd8 27. Bf1 Nd7 28. c4 c5 29. b5 Rf8 30. h4 Kc7 31. Bh3 Rxf2 32. h5 Rf3 33. Bg4 Rxe3 34. Bg7 Rf3 35. h6 1-0